Science Quiz

Random Science or Clickable Quiz

Hypertension Pharmacology Quiz Stats

Quiz not verified by Sporcle

Challenge
Share
Tweet
Embed
Score 0/34 Timer 15:00
0 Plays Today
% Correct
Stage 2 hypertension
75.1%
NO
70.4%
Normotension
69%
Stage 1 hypertension
67.4%
Loop Diuretics
65.2%
Potassium-Sparing Diuretics
64.8%
Diltiazem
61.6%
Metoprolol Tartrate
59%
Metoprolol Succinate
58.5%
Thiazides
57.5%
Prehypertension
57.4%
Thiazides
56%
β-Blockers
53.8%
Carvedilol
53.7%
Verapamil
53.3%
β-Blockers
52.2%
Spironolactone
51%
% Correct
Spironolactone
49%
Direct Renin Inhibitors
48.8%
Methyldopa
48.6%
Hydralazine
48.6%
Minoxidil
46.5%
Dihydropyridines (DHPs)
45.9%
Diuretics
45.8%
Non-Dihydropyridines (Non-DHPs)
44%
ACE Inhibitors
43.4%
Central α2-Agonists
43%
ACE Inhibitors
42.7%
ACE Inhibitors
41.4%
Calcium Channel Blockers
31.6%
Calcium Channel Blockers
28.8%
Peripheral α1-Receptor Blockers
27.2%
Angiotension-II Receptor Blockers
24.2%
Direct Vasodilators
18.8%

You're not logged in!

Compare scores with friends on all Sporcle quizzes.
Join for Free
OR
Log In

You Might Also Like...

Show Comments

Extras

Created Aug 28, 2013ReportNominate
Tags:Clickable Quiz, pharmacology

Top Quizzes Today


Score Distribution

Your Account Isn't Verified!

In order to create a playlist on Sporcle, you need to verify the email address you used during registration. Go to your Sporcle Settings to finish the process.

Report this User

Report this user for behavior that violates our Community Guidelines.

Details: